00777cam a2200205 a 450000100100000000500170001000800410002704000250006808200180009310000460011124500660015726000450022330000210026849000210028960000520031065000450036283000280040795201210043599900150055600000652620200929153939.0770414s1962 sp 000 0bspa d aDO-SdBNPbspacBNPHU a928.46bA323C1 aCabezas, Juan Antonio,d1900-1993.91811410aClarín :bel provinciano universal /cJuan Antonio Cabezas. aMadrid, España :bEspasa-Calpe,c1962. a229 p. ;c18 cm.1 aAustral ;v1313.10aALAS, LEOPOLDO,d1852-1901.xBIOGRAFÍA918115 4aAutores españolesxBiografías918116 0aAustral ;n1313.918117 001054708MOaGRbGRcHDd2009-08-31iLF1l0o928.46 A323Cp6526-10r2020-06-25w2020-06-25y4ZPréstamo en sala c6317d6317